Australians in the NBA 2025-26 Season - Statistics

General Stats
  • This quiz has been taken 126 times
    21 since last reset
  • The average score is 5 of 12
Answer Stats
Team Answer % Correct
Chicago Bulls Josh Giddey
88%
Atlanta Hawks Dyson Daniels
76%
Minnesota Timberwolves Joe Ingles
65%
Charlotte Hornets Josh Green
53%
Indiana Pacers Johnny Furphy
47%
Atlanta Hawks Duop Reath
35%
Atlanta Hawks Jock Landale
35%
Portland Trail Blazers Matisse Thybulle
29%
Chicago Bulls Lachlan Olbrich
24%
Minnesota Timberwolves Rocco Zikarsky
18%
Cleveland Cavaliers Tyrese Proctor
18%
Washington Wizards Dante Exum
12%
No matching quizzes found
Score Distribution
Percent of People with Each Score
Percentile by Number Answered
Your Score History
You have not taken this quiz since the last reset